Statistics for Five Most Populated Countries by Continent

Click here to take the quiz!

General Stats

  • This quiz has been taken 134,243 times
    (64,455 since last reset)
  • The average score is 25 of 30

Answer Stats

PopulationCounty% Correct
Asia1450 mChina
99%
North America332 mUnited States
98%
Europe65.3 mFrance
97%
North America130 mMexico
97%
South America213 mBrazil
96%
Asia1388 mIndia
96%
Oceania25.7 mAustralia
96%
North America37.7 mCanada
96%
Europe112 mRussia
96%
Europe83.8 mGermany
96%
Europe67.9 mUnited Kingdom
96%
Oceania4.85 mNew Zealand
93%
South America45.4 mArgentina
92%
Africa209 mNigeria
89%
Europe60.5 mItaly
89%
Africa103 mEgypt
89%
South America50.9 mColombia
87%
Asia275 mIndonesia
84%
South America33.0 mPeru
83%
South America28.4 mVenezuela
80%
Asia223 mPakistan
76%
Africa91.2 mD.R. Congo
76%
Oceania9.05 mPapua New Guinea
73%
Oceania0.896 mFiji
70%
Africa117 mEthiopia
69%
Asia166 mBangladesh
68%
North America17.9 mGuatemala
63%
North America11.5 mHaiti
53%
Africa60.8 mTanzania
48%
Oceania0.687 mSolomon Islands
48%

Score Distribution

Percentile by Number Answered

Percent of People with Each Score

Your Score History

You have not taken this quiz since the last reset